|
|
|
|
| LEADER |
02676nam a2200421 a 4500 |
| 001 |
EBC434976 |
| 003 |
MiAaPQ |
| 005 |
20200520144314.0 |
| 006 |
m o d | |
| 007 |
cr cn||||||||| |
| 008 |
070518s2008 nyua sf 001 0 eng |
| 010 |
|
|
|z 2007020971
|
| 020 |
|
|
|z 9780814409138
|
| 035 |
|
|
|a (MiAaPQ)EBC434976
|
| 035 |
|
|
|a (Au-PeEL)EBL434976
|
| 035 |
|
|
|a (CaPaEBR)ebr10292220
|
| 035 |
|
|
|a (CaONFJC)MIL127129
|
| 035 |
|
|
|a (OCoLC)317384507
|
| 040 |
|
|
|a MiAaPQ
|c MiAaPQ
|d MiAaPQ
|
| 050 |
|
4 |
|a HF5547.5
|b .S8163 2008
|
| 082 |
0 |
4 |
|a 651.3
|2 22
|
| 100 |
1 |
|
|a Stroman, James.
|
| 245 |
1 |
0 |
|a Administrative assistant's and secretary's handbook
|h [electronic resource] /
|c by James Stroman, Kevin Wilson, Jennifer Wauson.
|
| 250 |
|
|
|a 3rd ed.
|
| 260 |
|
|
|a New York :
|b American Management Association,
|c c2008.
|
| 300 |
|
|
|a xiii, 578 p. :
|b ill.
|
| 500 |
|
|
|a Updated ed. of: Administrative assistant's & secretary's handbook. 2nd ed.
|
| 500 |
|
|
|a Includes index.
|
| 505 |
0 |
|
|a Overview for the new administrative assistant -- Daily routine -- Telephone usage -- Mail services and shipping -- Travel arrangements -- Meetings -- Time management -- Keeping accurate records -- Office machines -- Telecommunications equipment -- Computer hardware -- Computer software -- Database management -- Computer networking -- E-mail -- Using the internet -- Web conferencing -- Spreadsheet software -- Data security -- Keyboarding skills -- Word processing -- Desktop publishing -- Using Powerpoint -- Troubleshooting computer problems -- Office ergonomics -- Glossary of computer terms -- The business letter -- Other written communications -- Forms of address -- Legal documents and terms -- Grammar -- Language, usage, and style -- Common English usage problems -- Spelling -- Pronunciation -- Punctuation -- Numerals -- Bookkeeping and accounting -- Business taxes -- Banking -- Special business and financial information for the small business -- Weights and measures -- Your future -- Presentation skills -- Communications skills -- Office management and supervision.
|
| 533 |
|
|
|a Electronic reproduction. Ann Arbor, MI : ProQuest, 2015. Available via World Wide Web. Access may be limited to ProQuest affiliated libraries.
|
| 650 |
|
0 |
|a Secretaries
|v Handbooks, manuals, etc.
|
| 650 |
|
0 |
|a Office practice
|v Handbooks, manuals, etc.
|
| 655 |
|
4 |
|a Electronic books.
|
| 700 |
1 |
|
|a Wilson, K.
|q (Kevin),
|d 1958-
|
| 700 |
1 |
|
|a Wauson, Jennifer.
|
| 700 |
1 |
|
|a Stroman, James.
|t Administrative assistant's & secretary's handbook.
|
| 710 |
2 |
|
|a ProQuest (Firm)
|
| 856 |
4 |
0 |
|u https://ebookcentral.proquest.com/lib/matrademy/detail.action?docID=434976
|z Click to View
|